000 00810nam a2200229Ia 4500
001 10348
003 GE_BSU
008 181216s||||||||xx |||||||||||||| ||und||
040 _cGE_BSU
080 _a821.353.1–32
100 _aუგულავა,ირაკლი
245 _aბურების ჯარისკაცი
245 _bმოთხრობა ნიკო ბაგრატიონზე
245 _cრედ.ნ.გოგოძე;მხატვ.ა.თევზაძე
260 _aთბილისი
260 _bნაკადული
260 _c1981
300 _a197გვ.20სმ.
653 _aბურების ჯარისკაცი
653 _aმოთხრობა ნიკო ბაგრატიონზე
942 _cBK
999 _c43613
_d43613